भारतीय नारी : दशा एवं दिशा / (Record no. 204548)

MARC details
000 -LEADER
fixed length control field 00950nam a22001937a 4500
005 - DATE AND TIME OF LATEST TRANSACTION
control field 20240726154007.0
010 ## - LCCN (DPL NO)
LC control number HIN-128056
020 ## - INTERNATIONAL STANDARD BOOK NUMBER
Terms of availability 595.000
International Standard Book Number 9789386818669
035 ## - SYSTEM CONTROL NUMBER
System control number HN-100402
037 ## - SOURCE OF ACQUISITION
Source of stock number/acquisition DBAD
082 ## - DEWEY DECIMAL CLASSIFICATION NUMBER
Classification number 305.4
100 ## - MAIN ENTRY--PERSONAL NAME
Personal name आम्बेडकर, बाबासाहब
245 ## - TITLE STATEMENT
Title भारतीय नारी : दशा एवं दिशा /
Statement of responsibility, etc बाबासाहब आम्बेडकर; प्रभाकर गजभिये द्वारा सम्पादित
260 ## - PUBLICATION, DISTRIBUTION, ETC. (IMPRINT)
Place of publication, distribution, etc दिल्ली
Name of publisher, distributor, etc आर. के. पब्लिकेशन
Date of publication, distribution, etc 2023
270 ## - ADDRESS
Address एल -45, गलि नं. 5, शिवाजी मार्ग करतार नगर
City दिल्ली
Postal code 110053
300 ## - PHYSICAL DESCRIPTION
Extent 200 पृ.
Dimensions 22सेमी (सजिल्द)
700 ## - ADDED ENTRY--PERSONAL NAME
Personal name गजभिये, प्रभाकर
9 (RLIN) 68980
942 ## - ADDED ENTRY ELEMENTS (KOHA)
Source of classification or shelving scheme Dewey Decimal Classification
Item type Hindi Books
Classification part 305.4
Call number suffix आम्बेड
Holdings
Withdrawn status Lost status Not for loan Collection code Home library Current library Date acquired Source of acquisition Cost, normal purchase price Full call number Barcode Copy number Cost, replacement price Koha item type
      Non-fiction New Police Line New Police Line 26/07/2024 DBAD 595.00 305.4 आम्बेड HN-100402 1 595.00 Hindi Books

© Delhi Public Library
Hit Counter
free hit counter